000 00260 a2200109 4500
001 50935
040 _cAnchieta - Pituba
240 1 0 _aReleitura dramática 2006
_l
245 1 0 _aReleitura dramática 2006
650 4 _aLínguas espanhola e portuguesa
942 _cMX
999 _c50935
_d50935